000 00592nam a2200193Ia 4500
005 20250508164853.0
008 008 250505s9999 xx 000 0 eng d
037 _aDissertations
040 _aFEDL
_beng
_cFEDL
041 _aeng
_2eng
084 _a370.15, TAL/DI
_qFEDL
100 _aTalwar Jasleen
_9779382
245 0 _aTo be or not to be in parents' class - A study of the perceptions of teachers' wards
260 _c2005
300 _axi,219p.
546 _aM. Ed. Dissertation (Delhi University)
942 _cDIS
_h370.15, TAL/DI
999 _c1391704
_d1391704